000
00268nam a2200097Ia 4500
008
220204s9999 xx 000 0 und d
082
_a
59(03)
_b
MIN
245
0
_a
Mind alive encyclopedia of the animal kingdom
260
_a
New York
_b
Marshall Cavendish
_c
1977
942
_c
BK
999
_c
27425
_d
27425